Statistics for 中国GDP最高的50个市辖区

Click here to take the quiz!

General Stats

  • This quiz has been taken 137 times
  • The average score is 30 of 50

Answer Stats

排名所属行政区市辖区% Correct
1上海浦东新区
97%
2北京海淀区
91%
7北京西城区
89%
19北京东城区
88%
4北京朝阳区
88%
5天津滨海新区
83%
3深圳南山区
83%
12广州黄埔区
78%
10深圳宝安区
77%
6广州天河区
74%
41上海徐汇区
74%
36深圳罗湖区
71%
46广州白云区
71%
8深圳福田区
70%
13佛山顺德区
69%
44广州海珠区
68%
21上海黄浦区
68%
18北京大兴区
68%
16广州越秀区
67%
37上海静安区
66%
31广州番禺区
65%
11青岛黄岛区
64%
9深圳龙岗区
63%
27上海闵行区
63%
15佛山南海区
61%
29上海嘉定区
60%
43厦门思明区
57%
45长沙雨花区
55%
48苏州吴江区
55%
39福州鼓楼区
55%
34杭州余杭区
55%
23南京江宁区
53%
20常州武进区
52%
24深圳龙华区
52%
17成都武侯区
51%
50佛山禅城区
50%
25济南历城区
48%
40杭州上城区
46%
22西安雁塔区
46%
14合肥蜀山区
46%
35宁波北仑区
44%
32济南历下区
42%
49重庆渝北区
41%
30宁波鄞州区
40%
33珠海香洲区
39%
26郑州金水区
36%
28大连金州区
32%
47无锡新吴区
32%
42南通崇川区
26%
38烟台福山区
25%

Score Distribution

Percentile by Number Answered

Percent of People with Each Score

Your Score History

You have not taken this quiz